000 00292nam a22001097a 4500
040 _cHS
082 _a584
100 _aសួស ចំណាន
245 _aបច្ចេកវិទ្យាមុនប្រមូលផល
260 _aRUA
_bសួស ចំណាន
_c2011
942 _cKB
999 _c8705
_d8705